[Event "Druzynowe Mistrzostwa Polski Juniorow - I Liga Juniorow 2019"]
[Site "Ustron"]
[Date "1899-12-30"]
[Round "5.30"]
[White "Goraj, Barbara"]
[Black "Slusarczyk, Milena"]
[Result "1-0"]
[WhiteTitle "I++"]
[BlackTitle "I+"]
[WhiteElo "1783"]
[BlackElo "1522"]

1. e4 c5 2. Nf3 Nc6 3. d4 cxd4 4. Nxd4 Nf6 5. Nc3 e5 6. Ndb5 d6 7. Nd5 Nxd5 8.
exd5 Nb8 9. c4 a6 10. Nc3 Be7 11. Be3 O-O 12. Qd2 f5 13. f3 a5 14. b3 Nd7 15.
Be2 b6 16. O-O f4 17. Bf2 Nc5 18. Bd1 Kh8 19. a3 g5 20. Rb1 Rg8 21. b4 axb4 22.
axb4 Nd7 23. Ne4 Nf6 24. Nxf6 Bxf6 25. Qd3 g4 26. fxg4 Bxg4 27. Bxg4 Rxg4 28.
Qf3 Qg8 29. Bxb6 Qg6 30. Rbe1 Rb8 31. c5 Rg8 32. Re2 e4 33. Qxe4 Rxg2+ 34. Qxg2
f3 35. Qxg6 Bd4+ 36. Kh1 Rxg6 37. Re4 dxc5 38. bxc5 1-0

[Event "Druzynowe Mistrzostwa Polski Juniorow - I Liga Juniorow 2019"]
[Site "Ustron"]
[Date "1899-12-30"]
[Round "6.1"]
[White "Fus, Jakub"]
[Black "Brozyna, Mateusz"]
[Result "1-0"]
[WhiteTitle "FM"]
[BlackTitle "k"]
[WhiteElo "2341"]
[BlackElo "2252"]

1. d4 Nf6 2. c4 g6 3. Nc3 Bg7 4. e4 d6 5. Nf3 O-O 6. Be2 Bg4 7. Be3 Nfd7 8. Ng1
Bxe2 9. Ngxe2 c5 10. O-O Nc6 11. Rc1 a6 12. a4 Rc8 13. d5 Nd4 14. b3 Nxe2+ 15.
Qxe2 Rb8 16. Qc2 Qa5 17. Bd2 Qc7 18. f4 Nf6 19. Rce1 Nd7 20. Rf3 Rbe8 21. h3 b6
22. Kh1 e6 23. Ref1 Qb7 24. f5 exf5 25. exf5 Ne5 26. f6 Bh8 27. Rf4 Nd7 28. Ne4
Qc7 29. Bc3 Ne5 30. Rh4 Qd7 31. Qd2 h5 32. Qh6 Ng4 33. Rxg4 1-0

[Event "Druzynowe Mistrzostwa Polski Juniorow - I Liga Juniorow 2019"]
[Site "Ustron"]
[Date "1899-12-30"]
[Round "6.2"]
[White "Suder, Jakub"]
[Black "Baum, Jonasz"]
[Result "0-1"]
[WhiteTitle "I++"]
[BlackTitle "FM"]
[WhiteElo "1989"]
[BlackElo "2295"]

1. d4 Nf6 2. c4 e6 3. Nc3 Bb4 4. Qc2 O-O 5. Nf3 d6 6. g3 b6 7. Bg2 Bb7 8. O-O Bxc3
9. Qxc3 Nbd7 10. b3 Rc8 11. Rd1 Qe7 12. Ba3 c5 13. Qe3 Rfd8 14. Rac1 e5 15. dxe5
dxe5 16. Bb2 Ng4 17. Qg5 Qxg5 18. Nxg5 Bxg2 19. Kxg2 Ngf6 20. f3 Kf8 21. Ne4 Nxe4
22. fxe4 Ke7 23. Kf3 f6 24. Rd5 Nf8 25. Rcd1 Ne6 26. Bc3 Nc7 27. Rxd8 Rxd8 28.
Rd3 Ne6 29. Rd5 h5 30. Rxd8 Kxd8 31. h4 Ke7 32. e3 Nd8 33. Ke2 Nb7 34. Kd3 Ke6
35. a3 Nd6 36. b4 f5 37. exf5+ Kxf5 38. Be1 e4+ 39. Kc3 Kg4 40. a4 Kf3 41. Bd2
cxb4+ 42. Kxb4 Ke2 43. Bc1 Kd3 44. c5 a5+ 0-1

[Event "Druzynowe Mistrzostwa Polski Juniorow - I Liga Juniorow 2019"]
[Site "Ustron"]
[Date "1899-12-30"]
[Round "6.3"]
[White "Pancewicz, Szymon"]
[Black "Dziewonski, Dariusz"]
[Result "1-0"]
[WhiteTitle "I+"]
[BlackTitle "I"]
[WhiteElo "1724"]
[BlackElo "1803"]

1. e4 c5 2. Nf3 d6 3. d4 cxd4 4. Nxd4 Nf6 5. Nc3 g6 6. Be3 Bg7 7. f3 O-O 8. Bc4
Nc6 9. Qd2 Bd7 10. h4 Rc8 11. Bb3 h5 12. O-O-O Ne5 13. Bh6 Nc4 14. Bxc4 Rxc4 15.
Bxg7 Kxg7 16. g4 Qa5 17. Nb3 Qc7 18. gxh5 Nxh5 19. Nd5 Qd8 20. Rdg1 e6 21. Nf4
Nxf4 22. Qxf4 Qf6 23. Qe3 Rfc8 24. Rg2 d5 25. h5 d4 26. Qg1 d3 27. c3 d2+ 28.
Rxd2 Ba4 29. hxg6 Bxb3 30. Rh7+ Kf8 31. Rxf7+ Qxf7 32. gxf7 Bxa2 33. Qxa7 Bb3
34. Qa3+ Kxf7 35. Qxb3 Kf6 36. Qxb7 Ke5 37. Qg7+ Kf4 38. Qf6+ Ke3 39. Kd1 Ra8
40. Kc2 Ra2 41. Qg5+ Kxf3 42. Qg2+ Kf4 43. Qf1+ Ke5 44. Qxc4 Ra1 45. Qd4+ Kf4
46. Rf2+ Kg3 47. Qe3+ Kg4 48. Rg2+ Kh5 49. Qg5# 1-0

[Event "Druzynowe Mistrzostwa Polski Juniorow - I Liga Juniorow 2019"]
[Site "Ustron"]
[Date "1899-12-30"]
[Round "6.4"]
[White "Sobala, Filip"]
[Black "Sidorczuk, Pawel"]
[Result "0-1"]
[WhiteTitle "II"]
[BlackTitle "II+"]
[WhiteElo "1421"]
[BlackElo "1610"]

1. e4 e5 2. Nf3 Nc6 3. Bc4 Nf6 4. d3 Be7 5. O-O O-O 6. Re1 d6 7. a4 Bg4 8. h3 Bh5
9. Nbd2 Na5 10. Ba2 c5 11. c3 Nc6 12. Nf1 d5 13. exd5 Nxd5 14. g4 Bg6 15. Nxe5
Nxe5 16. Rxe5 Nb6 17. a5 Nd7 18. Re2 Bd6 19. Bd5 Qh4 20. Bg2 f5 21. Re6 fxg4 22.
Rxd6 Qxf2+ 23. Kh1 gxh3 24. Bd5+ Bf7 25. Qf3 Qxf1+ 26. Qxf1 Bxd5+ 27. Rxd5 Rxf1+
28. Kh2 Nf6 29. Rxc5 Rf3 30. Ra4 Re8 31. Rf4 Re2+ 32. Kh1 Rxd3 33. Rf1 h6 34.
Rg1 h2 35. Rf1 Ne4 36. Rc8+ Kh7 37. Bf4 Ng3+ 38. Bxg3 Rxg3 0-1

[Event "Druzynowe Mistrzostwa Polski Juniorow - I Liga Juniorow 2019"]
[Site "Ustron"]
[Date "1899-12-30"]
[Round "6.5"]
[White "Tarka, Aleksandra"]
[Black "Mazanowska, Aniela"]
[Result "1-0"]
[WhiteTitle "I++"]
[BlackTitle "II"]
[WhiteElo "1574"]
[BlackElo "1250"]

1. d4 d5 2. c4 e6 3. Nc3 Nc6 4. Nf3 Nf6 5. Bg5 Be7 6. e3 O-O 7. a3 b6 8. Qc2 Bb7
9. cxd5 Nxd5 10. Bxe7 Ncxe7 11. Ng5 Nf6 12. Bd3 h6 13. h4 Rc8 14. O-O-O Ned5 15.
Nge4 Qe7 16. Nxf6+ Qxf6 17. Ne4 Qe7 18. Kb1 Nf6 19. Rc1 Rfd8 20. f3 Nd5 21. Qe2
c5 22. dxc5 bxc5 23. Rc2 Nf6 24. Nxf6+ Qxf6 25. h5 Rd7 26. Rhc1 Rdc7 27. e4 Qg5
28. g4 Qf4 29. Qf2 Qd6 30. Qe3 Qb6 31. Bc4 Bc6 32. Qb3 Qxb3 33. Bxb3 Bb5 34. Bc4
a6 35. b3 Rc6 36. Kb2 Kf8 37. a4 Bxc4 38. Rxc4 a5 39. Rd1 Ke7 40. f4 Rd6 41. Rxd6
Kxd6 42. Rc1 e5 43. f5 Ke7 44. Rd1 Rd8 45. Rxd8 Kxd8 46. Kc3 Kc7 47. Kc4 Kc6 48.
g5 Kd6 49. Kb5 f6 50. g6 c4 51. bxc4 Kc7 52. Kxa5 Kc6 53. Kb4 Kb6 54. c5+ Kc6
55. a5 Kc7 56. Kb5 Kb7 57. c6+ Kc7 58. Kc5 Kc8 59. a6 1-0

[Event "Druzynowe Mistrzostwa Polski Juniorow - I Liga Juniorow 2019"]
[Site "Ustron"]
[Date "1899-12-30"]
[Round "6.6"]
[White "Goraj, Barbara"]
[Black "Rejniak, Zuzanna"]
[Result "1-0"]
[WhiteTitle "I++"]
[BlackTitle "k"]
[WhiteElo "1783"]
[BlackElo "1808"]

1. e4 c5 2. Nf3 Nc6 3. d4 cxd4 4. Nxd4 g6 5. c4 Nf6 6. Nc3 Nxd4 7. Qxd4 d6 8. Be2
Bg7 9. Be3 O-O 10. Qd2 a5 11. Rd1 a4 12. O-O Be6 13. Bd4 Qa5 14. Qe3 Qc7 15. b3
axb3 16. axb3 Nd7 17. Nb5 Qa5 18. f4 Nf6 19. h3 Qb4 20. e5 dxe5 21. Bc5 exf4 22.
Rxf4 Qa5 23. Qf2 Nd7 24. Bxe7 Rfe8 25. Bd6 Rac8 26. Bf3 Be5 27. Bxe5 Nxe5 28.
Nd6 Nxf3+ 29. Qxf3 Qb6+ 30. Kh1 Red8 31. Nxc8 Rxc8 32. Rfd4 Kg7 33. Rd6 Qb4 34.
Rxe6 fxe6 35. Rd7+ Kh6 36. Qf4+ Kh5 37. Rxh7# 1-0

[Event "Druzynowe Mistrzostwa Polski Juniorow - I Liga Juniorow 2019"]
[Site "Ustron"]
[Date "1899-12-30"]
[Round "6.7"]
[White "Teclaf, Pawel"]
[Black "Szpar, Milosz"]
[Result "1-0"]
[WhiteTitle "IM"]
[BlackTitle "FM"]
[WhiteElo "2454"]
[BlackElo "2289"]

1. e4 c5 2. Nf3 Nc6 3. d4 cxd4 4. Nxd4 Nf6 5. Nc3 e5 6. Ndb5 d6 7. Nd5 Nxd5 8.
exd5 Nb8 9. a4 Be7 10. Be2 O-O 11. O-O Nd7 12. Bd2 a6 13. Na3 f5 14. Nc4 b6 15.
f4 Bb7 16. Bb4 b5 17. Na5 Qb6+ 18. Kh1 e4 19. c4 bxc4 20. Bc3 Nf6 21. Nxc4 Qd8
22. Ne3 Nd7 23. a5 g6 24. Rc1 Rc8 25. g4 Bf6 26. Bb4 Nc5 27. gxf5 Bxb2 28. Rb1
Qf6 29. Bxc5 Rxc5 30. Qb3 Bd4 31. Ng4 Qh4 32. Qxb7 Rc2 33. f6 Bxf6 34. Qxa6 Bd4
35. Rbd1 Bc5 36. Rc1 Rxc1 37. Rxc1 Rxf4 38. Qc8+ Rf8 39. Qe6+ Kg7 40. Rf1 Rxf1+
41. Bxf1 h5 42. Qd7+ Kf8 43. Qc8+ Kg7 44. Qc7+ Kf8 45. Qb8+ Kg7 46. Qb2+ Kh7 47.
Nf6+ Kh6 48. Nd7 Qf4 49. Qf6 1-0

[Event "Druzynowe Mistrzostwa Polski Juniorow - I Liga Juniorow 2019"]
[Site "Ustron"]
[Date "1899-12-30"]
[Round "6.8"]
[White "Redzisz, Michal"]
[Black "Galuszka, Tomasz"]
[Result "1/2-1/2"]
[WhiteTitle "k"]
[BlackTitle "k"]
[WhiteElo "2054"]
[BlackElo "2112"]

1. d4 d5 2. c4 c6 3. Nf3 Nf6 4. e3 Bf5 5. Nc3 e6 6. Nh4 Bg4 7. Be2 Bxe2 8. Qxe2
Nbd7 9. Nf3 Bd6 10. O-O O-O 11. b3 Qe7 12. Bb2 dxc4 13. Qxc4 e5 14. dxe5 Nxe5
15. Qe2 Nxf3+ 16. Qxf3 Qe5 17. g3 Rad8 18. Rad1 Qe6 19. Ne2 Qe4 20. Qxe4 Nxe4
21. Nc3 Nxc3 22. Bxc3 Be7 23. Kg2 f6 24. Kf3 Kf7 25. Ke2 Ke6 26. f4 Rxd1 27. Rxd1
Rd8 28. Rxd8 Bxd8 29. e4 g6 30. Kd3 h5 31. Bd4 b6 32. Kc4 Be7 33. Kd3 1/2-1/2

[Event "Druzynowe Mistrzostwa Polski Juniorow - I Liga Juniorow 2019"]
[Site "Ustron"]
[Date "1899-12-30"]
[Round "6.9"]
[White "Dziendziel, Mateusz"]
[Black "Poltorak, Sebastian"]
[Result "0-1"]
[WhiteTitle "I"]
[BlackTitle "I++"]
[WhiteElo "1753"]
[BlackElo "2068"]

1. e4 c6 2. d4 d5 3. Nc3 dxe4 4. Nxe4 Bf5 5. Ng3 Bg6 6. Nf3 Nd7 7. h4 h6 8. h5
Bh7 9. Bd3 Bxd3 10. Qxd3 e6 11. Bd2 Ngf6 12. O-O-O Be7 13. Qe2 Qc7 14. Kb1 O-O
15. Nf5 exf5 16. Qxe7 Rfe8 17. Qa3 Ne4 18. Be1 a5 19. Nh4 f4 20. Nf5 b5 21. f3
Nef6 22. Rh4 b4 23. Qd3 Nb6 24. g4 c5 25. Rh2 c4 26. Qf1 Qd7 27. d5 Nfxd5 28.
Bf2 Rad8 29. Rh1 Na4 30. Bd4 Ne3 31. Nxe3 fxe3 32. Qe2 Qxd4 33. Rxd4 Rxd4 34.
Re1 Red8 35. Rc1 Re8 36. Re1 Re6 37. Kc1 c3 38. b3 Nb2 39. f4 Rd2 40. Qb5 e2 0-1

[Event "Druzynowe Mistrzostwa Polski Juniorow - I Liga Juniorow 2019"]
[Site "Ustron"]
[Date "1899-12-30"]
[Round "6.10"]
[White "Meers, Hubert"]
[Black "Herwy, Jakub"]
[Result "0-1"]
[WhiteTitle "I++"]
[BlackTitle "I+"]
[WhiteElo "2072"]
[BlackElo "1641"]

1. e4 c5 2. Nf3 d6 3. d4 cxd4 4. Nxd4 Nf6 5. Nc3 e6 6. g3 a6 7. Bg2 Be7 8. O-O
Qc7 9. Re1 Nc6 10. Nxc6 bxc6 11. e5 dxe5 12. Ne4 Nxe4 13. Bxe4 O-O 14. Bd2 Rb8
15. Bc3 f5 16. Bg2 Bf6 17. f3 Rb5 18. Qe2 Rd5 19. Qe3 Qe7 20. Bf1 e4 21. fxe4
fxe4 22. Bg2 Bg5 23. Qxe4 Bd2 24. Bxd2 Rxd2 25. Qxc6 Qa7+ 26. Kh1 Rxg2 27. Rf1
Rg1+ 28. Rxg1 Bb7 29. Qg2 Rf2 30. Rad1 Bxg2+ 31. Rxg2 Rxg2 32. Kxg2 Qb7+ 33. Kg1
Qxb2 34. Rd8+ Kf7 35. Rd7+ Kf6 36. g4 Qb6+ 0-1

[Event "Druzynowe Mistrzostwa Polski Juniorow - I Liga Juniorow 2019"]
[Site "Ustron"]
[Date "1899-12-30"]
[Round "6.11"]
[White "Buchta, Agnieszka"]
[Black "Leczek, Weronika"]
[Result "1/2-1/2"]
[WhiteTitle "I++"]
[BlackTitle "k"]
[WhiteElo "1818"]
[BlackElo "1806"]

1. e4 c5 2. Nf3 a6 3. c3 d5 4. exd5 Qxd5 5. d4 Nf6 6. Be2 Nc6 7. O-O e6 8. dxc5
Qxd1 9. Rxd1 Bxc5 10. Nbd2 O-O 11. Nb3 Ba7 12. Nfd4 Nxd4 13. Nxd4 e5 14. Nc2 Bg4
15. Kf1 Rfd8 16. Be3 Bxe3 17. Nxe3 Bxe2+ 18. Kxe2 Ne4 19. Nc4 b5 20. Nd2 Nc5 21.
Nf1 Na4 22. Rxd8+ Rxd8 23. Rb1 f6 24. Ne3 Kf7 25. Rd1 Rxd1 26. Nxd1 Ke6 27. b3
Nb6 28. Kd3 Nd5 29. g3 f5 30. Ne3 Nb6 31. c4 1/2-1/2

[Event "Druzynowe Mistrzostwa Polski Juniorow - I Liga Juniorow 2019"]
[Site "Ustron"]
[Date "1899-12-30"]
[Round "6.12"]
[White "Slusarczyk, Milena"]
[Black "Obrochta, Lena"]
[Result "0-1"]
[WhiteTitle "I+"]
[BlackTitle "I++"]
[WhiteElo "1522"]
[BlackElo "1546"]

1. d4 d5 2. Nc3 Nf6 3. Bg5 e6 4. e4 dxe4 5. Nxe4 Be7 6. Bxf6 Bxf6 7. Nf3 Nd7 8.
c3 O-O 9. Bd3 Be7 10. O-O f5 11. Ned2 Bd6 12. Re1 Nf6 13. Nc4 Kh8 14. Nce5 Nd5
15. Qd2 Qe8 16. Bc2 b6 17. Re2 Rf6 18. Rae1 h6 19. Qd1 Nf4 20. Rd2 Bb7 21. Nd3
Qh5 22. Nde5 Nxg2 23. Kxg2 Bxe5 24. d5 Bf4 25. Rd4 e5 26. Nxe5 Qxh2+ 27. Kf1 Bxe5
28. Rd2 Qh3+ 29. Ke2 Ba6+ 30. Bd3 Bf4 31. c4 Re8+ 32. Be4 Rxe4# 0-1

[Event "Druzynowe Mistrzostwa Polski Juniorow - I Liga Juniorow 2019"]
[Site "Ustron"]
[Date "1899-12-30"]
[Round "6.13"]
[White "Raczynski, Krzysztof"]
[Black "Lis, Mateusz"]
[Result "1-0"]
[WhiteTitle "k+"]
[BlackTitle "k"]
[WhiteElo "2170"]
[BlackElo "2032"]

1. e4 c5 2. Nf3 e6 3. d4 cxd4 4. Nxd4 Nc6 5. Nc3 Qc7 6. Be3 a6 7. Qf3 Ne5 8. Qg3
h5 9. f4 Ng4 10. O-O-O b5 11. Be2 b4 12. Nb1 N8f6 13. Nd2 Bb7 14. Bxg4 hxg4 15.
Rhe1 a5 16. Bg1 Rc8 17. e5 Nd5 18. Ne4 a4 19. Kb1 Qc4 20. Rd3 Nb6 21. Qxg4 Bd5
22. b3 axb3 23. axb3 Qa6 24. Nd6+ Bxd6 25. exd6 Kf8 26. Rg3 g6 27. Qg5 Bxb3 28.
Nxb3 Nc4 29. Nc5 Nd2+ 30. Kc1 Qxd6 31. Rd3 Nb3+ 32. Rxb3 Rh5 33. Qf6 Rhxc5 34.
Bxc5 Qxc5 35. Qb2 1-0

[Event "Druzynowe Mistrzostwa Polski Juniorow - I Liga Juniorow 2019"]
[Site "Ustron"]
[Date "1899-12-30"]
[Round "6.14"]
[White "Bachor, Tomasz"]
[Black "Butyrowski, Marcel"]
[Result "1/2-1/2"]
[WhiteTitle "I+"]
[BlackTitle "I++"]
[WhiteElo "2038"]
[BlackElo "2041"]

1. d4 Nf6 2. c4 e6 3. Nc3 Bb4 4. e3 c5 5. Bd3 O-O 6. Nge2 d6 7. a3 Bxc3+ 8. Nxc3
Nc6 9. O-O e5 10. d5 Ne7 11. Qc2 Ng6 12. b4 b6 13. Bb2 Ng4 14. h3 Nh6 15. f4 f5
16. Rab1 Qh4 17. Ne2 Qe7 18. Qc3 Bd7 19. Qd2 Nf7 20. g3 Nd8 21. Bc3 e4 22. Bc2
Nb7 23. b5 h6 24. a4 Kh7 25. Kf2 Rg8 26. Rg1 Nh8 27. h4 Nf7 28. Rh1 h5 29. Ng1
Nh6 30. Nh3 Ng4+ 31. Kg2 Nd8 32. Ng5+ Kg6 33. Bd1 Nf7 34. Bxg4 hxg4 35. Qf2 a6
36. Ra1 a5 37. Rh2 Rh8 38. Qb2 Nxg5 39. fxg5 Rh5 40. Qf2 Rf8 41. Qf4 Bc8 42. Rf1
Bd7 43. Rf2 Bc8 44. Kf1 Bd7 45. Ke2 Bc8 46. Rf1 Bd7 47. Qf2 Bc8 48. Qe1 Kh7 49.
Rf4 g6 50. Rhf2 Kg8 51. Qa1 Rh7 52. Qc1 Bb7 53. Qd2 Bc8 1/2-1/2

[Event "Druzynowe Mistrzostwa Polski Juniorow - I Liga Juniorow 2019"]
[Site "Ustron"]
[Date "1899-12-30"]
[Round "6.15"]
[White "Wojdak, Jan"]
[Black "Karwacki, Piotr"]
[Result "1-0"]
[WhiteTitle "I"]
[BlackTitle "I"]
[WhiteElo "1803"]
[BlackElo "1780"]

1. e4 c5 2. Nf3 Nc6 3. d4 cxd4 4. Nxd4 Nf6 5. Nc3 e5 6. Ndb5 d6 7. Nd5 Nxd5 8.
exd5 Nb8 9. a4 Be7 10. Be2 O-O 11. O-O f5 12. f4 Bf6 13. c3 a6 14. Na3 exf4 15.
Nc4 g5 16. a5 Qc7 17. Nb6 Ra7 18. Ra4 Qc5+ 19. Kh1 Bd7 20. Ra3 Be8 21. b4 Qc7
22. c4 Nd7 23. c5 dxc5 24. d6 Qc6 25. b5 axb5 26. Bf3 Bh5 27. Bxc6 Bxd1 28. Bd5+
Kg7 29. Nxd7 Be2 30. Re1 f3 31. gxf3 Re8 32. Re3 Rxe3 33. Bxe3 Bc4 34. Bxc4 bxc4
35. Nxf6 Kxf6 36. d7 Ra8 37. Bxc5 1-0

[Event "Druzynowe Mistrzostwa Polski Juniorow - I Liga Juniorow 2019"]
[Site "Ustron"]
[Date "1899-12-30"]
[Round "6.16"]
[White "Wierzbicki, Dawid"]
[Black "Stanislawski, Karol"]
[Result "1/2-1/2"]
[WhiteTitle "I"]
[BlackTitle "II"]
[WhiteElo "1640"]
[BlackElo "1279"]

1. e4 d6 2. d4 Nf6 3. Nc3 g6 4. h3 Bg7 5. Nf3 O-O 6. Be3 Nbd7 7. Qd2 c5 8. d5 a6
9. a4 Qb6 10. Rb1 Qb4 11. Bd3 c4 12. Be2 Nc5 13. Bxc5 Qxc5 14. O-O b5 15. axb5
axb5 16. b4 Qb6 17. Rfd1 Bd7 18. Nd4 Ra3 19. Bf3 Rfa8 20. Nc6 Bxc6 21. dxc6 Rc8
22. c7 Rxc3 23. Qxc3 Nd5 24. Qe1 Nc3 25. Bg4 Rxc7 26. Ra1 Nxd1 27. Ra8+ Bf8 28.
Qxd1 Qc6 29. Qd5 Qxd5 30. exd5 h5 31. Bc8 c3 32. Ba6 Rc4 33. Bxb5 Rxb4 34. Ba4
Rb1+ 35. Kh2 Ra1 36. Bc6 Rxa8 37. Bxa8 Kg7 38. Kg3 g5 39. Kf3 Kf6 40. Ke4 Bg7
41. Bc6 e6 42. g3 Ke7 43. f3 f5+ 44. Ke3 Kf6 45. dxe6 Kxe6 46. f4 gxf4+ 47. Kxf4
Bh6+ 48. Kf3 Kf7 49. Bd7 Kf6 50. Be8 h4 51. g4 f4 52. Bb5 1/2-1/2

[Event "Druzynowe Mistrzostwa Polski Juniorow - I Liga Juniorow 2019"]
[Site "Ustron"]
[Date "1899-12-30"]
[Round "6.17"]
[White "Szelag, Zuzanna"]
[Black "Furtak, Joanna"]
[Result "1-0"]
[WhiteTitle "k"]
[BlackTitle "k"]
[WhiteElo "1942"]
[BlackElo "1879"]

1. e4 e5 2. Nf3 Nc6 3. Bb5 a6 4. Ba4 Nf6 5. Qe2 b5 6. Bb3 Be7 7. O-O O-O 8. Nc3
d6 9. Nd5 Na5 10. Nxe7+ Qxe7 11. d3 Nxb3 12. axb3 c5 13. Bd2 Bb7 14. Nh4 d5 15.
Bg5 h6 16. Nf5 Qe6 17. Bxf6 Qxf6 18. Qe3 Rfc8 19. f4 Kh7 20. fxe5 Qxe5 21. Nxh6
Qd4 22. Qxd4 cxd4 23. Nxf7 dxe4 24. Nd6 Rc7 25. dxe4 Rd8 26. Nxb7 Rxb7 27. Rxa6
Rc7 28. Rf2 d3 29. cxd3 Rxd3 30. Re2 Rf7 31. h3 Rxb3 32. e5 Rd3 33. Rb6 Rd5 34.
Re6 Rf8 35. Rd6 Rxd6 36. exd6 Rd8 37. Rd2 Kg6 38. d7 Kf7 39. Kf2 Ke7 40. Ke3 Ke6
41. Rd3 Rxd7 42. Rxd7 Kxd7 43. Kd4 Kd6 44. b4 1-0

[Event "Druzynowe Mistrzostwa Polski Juniorow - I Liga Juniorow 2019"]
[Site "Ustron"]
[Date "1899-12-30"]
[Round "6.18"]
[White "Mroz, Lena"]
[Black "Frackowiak, Lena"]
[Result "1-0"]
[WhiteTitle "I++"]
[BlackTitle "II"]
[WhiteElo "1570"]
[BlackElo "1039"]

1. e4 c5 2. Nf3 Nc6 3. d4 cxd4 4. Nxd4 g6 5. Nc3 Bg7 6. Be3 Nf6 7. Be2 O-O 8. Nb3
d6 9. O-O Be6 10. f4 Bxb3 11. axb3 a6 12. Bf3 Rc8 13. Qd2 Re8 14. Nd5 Nxd5 15.
exd5 Nb8 16. c3 Qd7 17. Kh1 e6 18. Rad1 Qb5 19. b4 exd5 20. Bxd5 Qd7 21. f5 Nc6
22. fxg6 hxg6 23. Rxf7 Qxf7 24. Bxf7+ Kxf7 25. Qd5+ Ke7 26. Bg5+ Kd7 27. Qxd6#
1-0

[Event "Druzynowe Mistrzostwa Polski Juniorow - I Liga Juniorow 2019"]
[Site "Ustron"]
[Date "1899-12-30"]
[Round "6.19"]
[White "Skurniak, Szymon"]
[Black "Krych, Dominik"]
[Result "1-0"]
[WhiteTitle "I+"]
[BlackTitle "III"]
[WhiteElo "2066"]
[BlackElo "1472"]

1. e4 e5 2. Nf3 Nc6 3. Nc3 Bc5 4. h3 d6 5. Na4 Bb6 6. Nxb6 axb6 7. c3 Nf6 8. Qc2
Be6 9. b3 O-O 10. Be2 Ne8 11. d4 exd4 12. cxd4 d5 13. e5 Qd7 14. a4 Bf5 15. Qc3
f6 16. Ba3 Rf7 17. O-O fxe5 18. dxe5 d4 19. Qb2 h6 20. Rfe1 Ra5 21. Bc4 Be6 22.
Bxe6 Qxe6 23. Nxd4 Nxd4 24. Qxd4 Rd5 25. Qc4 c5 26. Bb2 Nc7 27. Re2 Qc6 28. Qg4
Ne6 29. g3 Nd4 30. Bxd4 Rxd4 31. f4 Rd3 32. e6 Re7 33. f5 Qf3 34. Qxf3 Rxf3 35.
g4 Rxh3 36. Rd1 Kf8 37. Kg2 Rxb3 38. g5 Rb4 39. Rd8+ Re8 40. e7+ 1-0

[Event "Druzynowe Mistrzostwa Polski Juniorow - I Liga Juniorow 2019"]
[Site "Ustron"]
[Date "1899-12-30"]
[Round "6.20"]
[White "Leskiewicz, Ignacy"]
[Black "Dixa, Oskar"]
[Result "0-1"]
[WhiteTitle "k"]
[BlackTitle "k"]
[WhiteElo "2120"]
[BlackElo "2019"]

1. e4 c5 2. Nf3 e6 3. d4 cxd4 4. Nxd4 Nc6 5. Nc3 d6 6. Be3 Nf6 7. Be2 Be7 8. O-O
O-O 9. f4 a6 10. a4 Qc7 11. Kh1 Rd8 12. Qe1 Nxd4 13. Bxd4 e5 14. Be3 Bd7 15. a5
Re8 16. Bb6 Qc8 17. Rd1 Bc6 18. Bd3 Bd8 19. fxe5 dxe5 20. Nd5 Bxd5 21. exd5 e4
22. Be2 Bxb6 23. axb6 Qxc2 24. d6 Rad8 25. Qf2 Qc6 26. Qg3 Re6 27. d7 e3 28. Qc7
Rxd7 29. Rxd7 Nxd7 30. Qd8+ Nf8 31. Qh4 Qxb6 32. Bc4 Rf6 33. Rxf6 Qxf6 34. Qxf6
gxf6 35. g4 Ne6 36. Kg2 b5 37. Ba2 Nd4 38. Bb1 h6 39. b4 Kf8 40. Be4 Ke7 41. Bb7
Kd6 42. Bxa6 Kd5 43. Bb7+ Kc4 44. Kf1 e2+ 45. Kf2 Kd3 0-1

[Event "Druzynowe Mistrzostwa Polski Juniorow - I Liga Juniorow 2019"]
[Site "Ustron"]
[Date "1899-12-30"]
[Round "6.21"]
[White "Ochedzan, Tymon"]
[Black "Klimkowski, Jan"]
[Result "1-0"]
[WhiteTitle "CM"]
[BlackTitle "I"]
[WhiteElo "2064"]
[BlackElo "1932"]

1. e4 c5 2. Nf3 d6 3. d4 cxd4 4. Nxd4 Nf6 5. Nc3 a6 6. Bg5 Nbd7 7. a4 Qc7 8. a5
e6 9. Nb3 Be7 10. Be2 O-O 11. O-O Rd8 12. Be3 Nc5 13. Nxc5 dxc5 14. Qe1 e5 15.
Bc4 Be6 16. Bxe6 fxe6 17. f3 Rd4 18. Na4 Rb4 19. Nb6 Rd8 20. Qc3 c4 21. b3 Nd7
22. Nxc4 Rb5 23. Rfd1 Rc8 24. Qd2 Nb8 25. Bb6 Bc5+ 26. Kh1 Bxb6 27. axb6 Qc5 28.
Qd6 Re8 29. Qc7 Qf8 30. Nd6 Re7 31. Nxb5 Rxc7 32. bxc7 1-0

[Event "Druzynowe Mistrzostwa Polski Juniorow - I Liga Juniorow 2019"]
[Site "Ustron"]
[Date "1899-12-30"]
[Round "6.22"]
[White "Paprocki, Antoni"]
[Black "Jedraszek, Pawel"]
[Result "1/2-1/2"]
[WhiteTitle "I"]
[BlackTitle "I"]
[WhiteElo "1704"]
[BlackElo "1807"]

1. e4 c5 2. Nf3 d6 3. d4 cxd4 4. Nxd4 Nf6 5. Nc3 a6 6. Be3 e5 7. Nb3 Be6 8. f4
Qc7 9. h3 Nbd7 10. g4 exf4 11. Bxf4 Ne5 12. Qe2 Be7 13. O-O-O Nfd7 14. Qg2 Rc8
15. Kb1 b5 16. Nd5 Bxd5 17. exd5 O-O 18. Nd4 Rfe8 19. g5 Qb7 20. h4 Rc5 21. Nf5
Bf8 22. Be3 Rc7 23. h5 Rec8 24. c3 b4 25. c4 Nxc4 26. Nh6+ gxh6 27. gxh6+ Kh8
28. Bxc4 Rxc4 29. b3 Rc2 30. Qg5 f6 31. Bd4 Bxh6 32. Qxh6 Rg2 33. Rhg1 Rcc2 34.
Bxf6+ Kg8 35. Rde1 Nxf6 36. Qxf6 Qf7 37. Qd8+ Kg7 38. Rxg2+ Rxg2 39. h6+ Kxh6
40. Qh4+ Qh5 1/2-1/2

[Event "Druzynowe Mistrzostwa Polski Juniorow - I Liga Juniorow 2019"]
[Site "Ustron"]
[Date "1899-12-30"]
[Round "6.23"]
[White "Wawrzyniak, Weronika"]
[Black "Waligora, Julia"]
[Result "1-0"]
[WhiteTitle "I"]
[BlackTitle "I"]
[WhiteElo "1493"]
[BlackElo "1558"]

1. e4 e6 2. d4 d5 3. Nc3 Bb4 4. e5 c5 5. Bd2 Ne7 6. Nb5 Bxd2+ 7. Qxd2 O-O 8. f4
Qb6 9. O-O-O Nbc6 10. Nf3 c4 11. Nd6 Nf5 12. Nxf5 exf5 13. h3 Bd7 14. Rg1 Rac8
15. c3 a5 16. g4 Ne7 17. Nh4 Qh6 18. Qf2 b5 19. Nxf5 Nxf5 20. gxf5 Bxf5 21. Be2
Rb8 22. Rg5 Be4 23. Rdg1 Rb7 24. Rh5 Qb6 25. f5 f6 26. Qh4 fxe5 27. Rxh7 Bxf5
28. Rh8+ Kf7 29. Rxf8+ Kxf8 30. Qh8+ Ke7 31. Rxg7+ Kd6 32. Qf8+ Ke6 33. Qe8+ Kd6
34. Qxe5+ Kc6 35. Qf6+ Be6 36. Qxe6# 1-0

[Event "Druzynowe Mistrzostwa Polski Juniorow - I Liga Juniorow 2019"]
[Site "Ustron"]
[Date "1899-12-30"]
[Round "6.25"]
[White "Warchol, Bartosz"]
[Black "Fiedorek, Michal"]
[Result "0-1"]
[WhiteTitle "I++"]
[BlackTitle "k"]
[WhiteElo "1992"]
[BlackElo "2158"]

1. d4 Nf6 2. Nf3 e6 3. c4 d5 4. e3 Be7 5. b3 O-O 6. Bb2 c5 7. dxc5 Bxc5 8. Nbd2
b6 9. Be2 Bb7 10. O-O Nbd7 11. Ne5 Nxe5 12. Bxe5 Qe7 13. Rc1 Rfd8 14. Qc2 Rac8
15. Qb1 d4 16. exd4 Bxd4 17. Bxd4 Rxd4 18. Rfd1 e5 19. Nf1 Rcd8 20. Ne3 Be4 21.
Qb2 Qb4 22. Bf1 h6 23. Rxd4 Rxd4 24. Rd1 Qd6 25. Rxd4 exd4 26. Qd2 Qe5 27. Nc2
Bxc2 28. Qxc2 Qe1 29. Qd3 Qa1 30. h3 a5 31. Kh2 g6 32. Be2 Kg7 33. Qc2 Nd7 34.
Qe4 Qc3 35. Qd5 Nf6 36. Qe5 Qd2 37. f4 d3 38. Bf3 Qf2 39. f5 g5 40. a3 d2 41.
Qa1 Qe3 42. Qd1 Qe1 43. b4 axb4 44. axb4 Qxd1 45. Bxd1 Ne4 46. c5 bxc5 47. bxc5
Nxc5 48. Kg1 Ne4 49. Kf1 Nc3 50. Bc2 d1=Q+ 51. Bxd1 Nxd1 52. Ke2 Nc3+ 53. Kd3
Nd5 54. Ke4 Nf4 55. Kf3 Kf6 56. g3 Nxh3 57. Kg2 g4 0-1

[Event "Druzynowe Mistrzostwa Polski Juniorow - I Liga Juniorow 2019"]
[Site "Ustron"]
[Date "1899-12-30"]
[Round "6.26"]
[White "Hryn, Zofia"]
[Black "Dylag, Emilia"]
[Result "0-1"]
[WhiteTitle "I++"]
[BlackTitle "k+"]
[WhiteElo "1622"]
[BlackElo "2099"]

1. e4 c6 2. d4 d5 3. exd5 cxd5 4. h3 Nf6 5. Nf3 e6 6. c3 Bd6 7. Bb5+ Bd7 8. Bd3
Nc6 9. O-O Qc7 10. Nbd2 O-O 11. Re1 Rac8 12. Nb3 h6 13. Be3 Ne4 14. Nh4 f5 15.
Bxe4 dxe4 16. d5 Ne5 17. dxe6 Bxe6 18. Nd4 Qe7 19. Bf4 Bd7 20. Bxe5 Qxe5 21. Ndf3
Qf6 22. Qd5+ Kh7 23. Rad1 Rc6 24. Ne5 Bxe5 25. Qxd7 Qxh4 26. Rd5 Qf6 27. Qxb7
Rb6 28. Qxa7 Rxb2 29. Qc5 Re8 30. Qa3 Qb6 31. Rf1 Rb1 32. Rdd1 0-1